| Поле | Инд. | ПП | Название | Значение |
|---|---|---|---|---|
| Тип записи | a | |||
| Библиографический уровень | a | |||
| 001 | Контрольный номер | aad2b1ccd48f4edba218fdfa80ef7413 | ||
| 005 | Дата корректировки | 20181120134525.3 | ||
| 100 | a | Данные общей обработки | 20180606 ||| 0rusy0189 ca | |
| 101 | 0_ | a | Язык текста | rus |
| 102 | a | Страна публикации | RU | |
| 200 | 1_ | f | Первые сведения об ответственности | О.В. Николайченко |
| a | Заглавие | Судебная защита прав граждан при получении государственных (муниципальных) услуг | ||
| 210 | d | Дата издания | 2018 | |
| 461 | _0 | 1 | 2000 | |
| a | Государственная власть и местное самоуправление | |||
| 463 | _0 | 1 | 2000 | |
| a | №2 | |||
| v | С. 23-28 | |||
| 1 | 2101 | |||
| d | 2018 | |||
| 1 | 001d186b0e854a84ffa888a684b258fbaac | |||
| 606 | a | Основная рубрика | Гражданское процессуальное право | |
| 610 | 0_ | a | Ключевые слова | АДМИНИСТРАТИВНОЕ СУДОПРОИЗВОДСТВО; ИСКИ; СУДЕБНАЯ ЗАЩИТА |
| 700 | _1 | a | Фамилия | Николайченко |
| b | Имя | О.В. | ||
| 801 | _0 | a | Страна | RU |
| b | Организация | РГУП | ||
| c | Дата составления | 20180606 | ||
| g | Правила каталогизации | PSBO | ||
| 801 | _1 | a | Страна | RU |
| b | Организация | РГУП | ||
| c | Дата составления | 20180606 | ||
| g | Правила каталогизации | PSBO | ||
| 901 | t | Тип документа | b | |
| w | Контрольный № источника | d186b0e854a84ffa888a684b258fbaac | ||
| 905 | a | Дата ввода | 20180606 |